Statistics of road accidents in India, 1991-1998 (Record no. 485001)

000 -LEADER
fixed length control field 00470cam a22001217a 4500
008 - FIXED-LENGTH DATA ELEMENTS--GENERAL INFORMATION
fixed length control field 180718b2000 xxu||||| |||| 00| 0 eng d
082 ## - DEWEY DECIMAL CLASSIFICATION NUMBER
Classification number X6065x54 R
245 ## - TITLE STATEMENT
Title Statistics of road accidents in India, 1991-1998
Statement of responsibility, etc. by Road Safety Cell, Ministry of Surface Transport
260 ## - PUBLICATION, DISTRIBUTION, ETC.
Place of publication, distribution, etc. New Delhi
Name of publisher, distributor, etc. Road Safety Cell, Ministry of Surface Transport
Date of publication, distribution, etc. 2000
300 ## - PHYSICAL DESCRIPTION
Extent 111p.
650 ## - SUBJECT ADDED ENTRY--TOPICAL TERM
Topical term or geographic name entry element Roads - Statistics - India
700 ## - ADDED ENTRY--PERSONAL NAME
Personal name India. Ministry of Surface Transport. Road Safety Cell
Holdings
Withdrawn status Lost status Damaged status Not for loan Permanent Location Current Location Date acquired Full call number Barcode Date last seen Price effective from Koha item type
        Indian Institute of Public Administration Indian Institute of Public Administration 2018-08-04 X6065x54 R GG24934 2018-08-04 2018-08-04 GG

Powered by Koha